| 000 | 00600nam a22002057a 4500 | ||
|---|---|---|---|
| 003 | OSt | ||
| 005 | 20170419184325.0 | ||
| 008 | 170419b xxu||||| |||| 00| 0 eng d | ||
| 020 | _a978-0-7817-6555-8 | ||
| 040 |
_aDMLN _cDMLN |
||
| 082 | _aQV735, b617e,2008 | ||
| 100 |
_aAnne Mary Koda-Kimble,Young,Lloyd Yee, Alldredge,Brian k. _912102 |
||
| 245 | _aApplied Therapeutics:the clinical use of drugs | ||
| 250 | _a9th ed. | ||
| 260 | _aPhiladelphia:Wolter Kluwer | ||
| 300 | _axxiii,102-20,1-35;ill,28cm | ||
| 504 | _aincludes index | ||
| 650 |
_aapplied therapeutics _912103 |
||
| 942 |
_2z _cSLOAN |
||
| 999 |
_c5830 _d5830 |
||